Mathematical cosmology and extragalactic astronomy (Record no. 4862)

MARC details
000 -LEADER
fixed length control field 00656nam a2200205Ia 4500
003 - CONTROL NUMBER IDENTIFIER
control field IN-BaIIA
008 - FIXED-LENGTH DATA ELEMENTS--GENERAL INFORMATION
fixed length control field 211028s9999 xx 000 0 eng d
020 ## - INTERNATIONAL STANDARD BOOK NUMBER
International Standard Book Number 0-12-635250-X
040 ## - CATALOGING SOURCE
Transcribing agency IIA Library
080 ## - UNIVERSAL DECIMAL CLASSIFICATION NUMBER
Universal Decimal Classification number 524.83
Item number SEG
100 ## - MAIN ENTRY--PERSONAL NAME
Personal name Segal, Irving Ezra
9 (RLIN) 8679
245 #0 - TITLE STATEMENT
Title Mathematical cosmology and extragalactic astronomy
Statement of responsibility, etc. I. E. Segal
260 ## - PUBLICATION, DISTRIBUTION, ETC.
Place of publication, distribution, etc. New York
Name of publisher, distributor, etc. Academic Press
Date of publication, distribution, etc. 1976
300 ## - PHYSICAL DESCRIPTION
Extent ix, 204p.
490 ## - SERIES STATEMENT
Series statement Pure and applied mathematics: a series of monographs and textbooks; v. 68
650 ## - SUBJECT ADDED ENTRY--TOPICAL TERM
Topical term or geographic name entry element  Cosmology 
9 (RLIN) 8047
650 ## - SUBJECT ADDED ENTRY--TOPICAL TERM
Topical term or geographic name entry element  Galactic astronomy
9 (RLIN) 8680
650 ## - SUBJECT ADDED ENTRY--TOPICAL TERM
Topical term or geographic name entry element Astronomy and astrophysics thesaurus 
9 (RLIN) 1143
942 ## - ADDED ENTRY ELEMENTS (KOHA)
Koha item type Books
952 ## - LOCATION AND ITEM INFORMATION (KOHA)
-- 22.5
Holdings
Withdrawn status Lost status Damaged status Not for loan Home library Current library Shelving location Date acquired Total Checkouts Full call number Barcode Date last seen Price effective from Koha item type
        IIA Library-Bangalore IIA Library-Bangalore General Stacks 19/06/1976   524.83/ SEG 5439 05/11/2021 19/06/1976 Books

Powered by Koha